|
|
|
|
| LEADER |
00000cam a2200000 4500 |
| 001 |
vtls012237327 |
| 003 |
SK-MaSNL |
| 005 |
20260331211849.0 |
| 008 |
230817s2023 xo e l 001 0 slo |
| 015 |
|
|
|a SNBI2024
|
| 020 |
|
|
|a 9788057105848
|q (viazané)
|
| 020 |
|
|
|a 9788057105855
|q (pdf)
|
| 040 |
|
|
|a SNK
|b slo
|c SNK
|e rda
|
| 041 |
0 |
|
|a slo
|
| 043 |
|
|
|a e-xo---
|
| 044 |
|
|
|a xo
|c SK
|
| 072 |
|
7 |
|a 349
|x Pracovné, sociálne, stavebné právo. Právo životného prostredia
|2 konspekt
|
| 080 |
|
|
|a 349.2
|2 2011
|
| 080 |
|
|
|a (437.6)
|2 2011
|
| 080 |
|
|
|a (094.5)
|2 2011
|
| 080 |
|
|
|a (0.072)
|2 2011
|
| 100 |
1 |
|
|a Švec, Marek,
|d 1984-
|4 cwt
|9 253732
|
| 245 |
1 |
0 |
|a Zákonník práce
|b zákon o kolektívnom vyjednávaní : komentár
|n Zväzok I
|p čl. I až § 135 Zákonníka práce
|c Marek Švec, Jozef Toman a kolektív
|
| 246 |
3 |
0 |
|a Zákon o kolektívnom vyjednávaní
|
| 246 |
3 |
0 |
|a I až § 135 Zákonníka práce
|
| 250 |
|
|
|a 2., doplnené a prepracované vydanie
|
| 264 |
|
1 |
|a Bratislava
|b Wolters Kluwer
|c 2023
|
| 300 |
|
|
|a xxiv, 1327 strán
|c 24 cm
|
| 336 |
|
|
|a text
|b txt
|2 rdacontent
|
| 337 |
|
|
|a bez média
|b n
|2 rdamedia
|
| 338 |
|
|
|a zväzok
|b nc
|2 rdacarrier
|
| 490 |
1 |
|
|a Komentáre Wolters Kluwer
|
| 500 |
|
|
|a Obsahuje zoznam použitých skratiek
|
| 500 |
|
|
|a Obsahuje profesijné údaje o autoroch
|
| 500 |
|
|
|a Právny stav publikácie je k 1. júnu 2023 - Rub titulnej strany
|
| 504 |
|
|
|a Obsahuje vecný register
|
| 650 |
0 |
7 |
|a pracovné právo
|2 SNKPH
|9 982
|
| 650 |
0 |
7 |
|a Labor laws and legislation
|2 SNKPHeng
|9 266962
|
| 651 |
|
7 |
|a Slovensko
|2 SNKPHgeo
|9 14231
|
| 651 |
|
7 |
|a Slovakia
|2 SNKPHeng
|9 92630
|
| 655 |
|
7 |
|a zákony
|2 SNKPH
|9 70186
|
| 655 |
|
7 |
|a komentáre
|2 SNKPH
|9 70412
|
| 655 |
|
7 |
|a Laws
|2 SNKPHeng
|9 266957
|
| 655 |
|
7 |
|a Comentaries
|2 SNKPHeng
|9 337808
|
| 700 |
1 |
|
|a Toman, Jozef,
|d 1982-
|4 cwt
|9 179518
|
| 710 |
1 |
2 |
|a Slovensko.
|t Zákonník práce (2001, novela 2023)
|9 420357
|
| 830 |
|
0 |
|a Komentáre Wolters Kluwer
|9 328415
|
| 852 |
|
|
|a Slovenská národná knižnica
|
| 919 |
|
|
|a 978-80-571-0584-8
|
| 919 |
|
|
|a 978-80-571-0585-5
|
| 954 |
|
|
|a odborná, vedecká literatúra pôvodná (slovenská)
|2 lita
|
| 999 |
|
|
|c 670921
|d 672851
|
| 952 |
|
|
|a SNK
|b SNK
|y PREZ
|7 0
|p 17A1533519
|o snkSC 203293
|i snk2023/12202
|8 0
|0 0
|1 0
|4 0
|d 2023-08-17
|l 0
|r 2025-10-27 00:00:00
|w 2026-02-23
|
| 952 |
|
|
|a SNK
|b SNK
|y VYP
|7 0
|p 17A1537907
|o snkSC 203293 D1
|i snk2023/15683
|8 3
|g 83.83
|0 0
|1 0
|4 0
|d 2023-10-27
|l 0
|r 2026-02-23 19:25:38
|w 2026-02-23
|